000 00464ntaaa2200169 4500
003 01
005 20251027202005.0
008 0714s1973 ag 01
040 _aAR-BaBN
_bspa
_cAR-BaBN
_eaacr
_dRIC
082 _a261.0000 In7a
245 _aArgentina actual y responsibilidad cristiana
250 _a1 ed.
260 _aBuenos Aires :
_bInstituto Superior Evangélico de Estudios Teológicos,
_c1972
300 _a89 p.
650 _aIglesia-Sociedad
942 _cBK
999 _c14660
_d14660